• 首页
  • 本馆介绍
  • 公告通知
  • 最新文献
  • 馆藏检索
  • 电子资源
  • 读者荐购
  • 参考咨询
  • CALIS
  • 我的图书馆
  • 登录
  • 详细信息显示
  • 放入我的书架
  • 预约/预借图书
  • 作者相关作品
  • 分类相关作品
  • 丛书相关作品
  • 出版社相关作品

书目信息

  • 表格格式
  • 工作单格式
  • 卡片格式
题名:
中国特色社会主义精神生产方式创新研究
    
 
作者: 肖柯 著
分册:  
出版信息: 北京   中国社会科学出版社  2021.06
页数: 269页
开本: 24cm
丛书名:
单 册:
中图分类: D610
科图分类:
主题词: 中国特色社会主义--zhong guo te se she hui zhu yi--精神生产--生产方式--研究
电子资源:
ISBN: 978-7-5203-8149-9
 
 
 
 
 
000 01368nam0 2200253 450
001 202021192768
005 20211025120136.0
010    @a978-7-5203-8149-9@dCNY89.00
100    @a20210925d2021 em y0chiy50 ea
101 0  @achi
102    @aCN@b110000
105    @ay a 000yy
106    @ar
200 1  @a中国特色社会主义精神生产方式创新研究@Azhong guo te se she hui zhu yi jing shen sheng chan fang shi chuang xin yan jiu@f肖柯著
210    @a北京@c中国社会科学出版社@d2021.06
215    @a269页@d24cm
314    @a肖柯, 法学博士, 四川师范大学四川文化教育高等研究院副教授, 马克思主义学院硕士生导师。
320    @a有书目 (第255-267页)
330    @a本书首先立足中国特色社会主义具体实践, 分析马克思精神生产理论的原初形态及其发展脉络, 探讨中国特色社会主义精神生产方式创新的理论逻辑。其次, 梳理中国特色社会主义精神生产方式创新的历史进程与基本经验, 史论结合地探讨马克思精神生产理论中国化的中国实践和中国智慧、中国方案。最后, 以马克思精神生产理论和新时代我国社会主要矛盾历史性变化为分析视角, 深入分析习近平新时代中国特色社会主义思想有关重要论述对马克思精神生产理论的继承与发展, 并以之阐释新时代中国特色社会主义精神生产方式创新是什么、为什么、将怎样。
606 0  @a中国特色社会主义@Azhong guo te se she hui zhu yi@x精神生产@x生产方式@x研究
690    @aD610@v5
701  0 @a肖柯@Axiao ke@4著
801  0 @aCN@c20210909
905    @a河南城建学院图书馆@dD610@eX293
    
    中国特色社会主义精神生产方式创新研究/肖柯著.-北京:中国社会科学出版社,2021.06
    269页;24cm
    
    
    ISBN 978-7-5203-8149-9:CNY89.00
    本书首先立足中国特色社会主义具体实践, 分析马克思精神生产理论的原初形态及其发展脉络, 探讨中国特色社会主义精神生产方式创新的理论逻辑。其次, 梳理中国特色社会主义精神生产方式创新的历史进程与基本经验, 史论结合地探讨马克思精神生产理论中国化的中国实践和中国智慧、中国方案。最后, 以马克思精神生产理论和新时代我国社会主要矛盾历史性变化为分析视角, 深入分析习近平新时代中国特色社会主义思想有关重要论述对马克思精神生产理论的继承与发展, 并以之阐释新时代中国特色社会主义精神生产方式创新是什么、为什么、将怎样。
●
相关链接 在E读中查询图书 在当当中查询图书 在豆瓣中查询图书


正题名:中国特色社会主义精神生产方式创新研究     索取号:D610/X293         预约/预借

序号 登录号 条形码 馆藏地/架位号 状态 备注
1 1542043   215420435   社科库509/509社科库 72排2列5层/ [索取号:D610/X293] 在馆    
2 1542044   215420444   社科库509/509社科库 72排2列5层/ [索取号:D610/X293] 在馆    
河南城建学院图书馆 欢迎您!
大连网信软件有限公司© 版权所有